000 00637nam a2200181Ia 4500
008 151018s9999 xx 000 0 und d
082 _bRBASDV64181
_a923
100 _aमृणालिन चितळे
245 _aमेळघाटावरील मोहर
250 _b5
260 _b"राजहंस प्रकाशन,पुणे "
_c2014
300 _a300
600 _aमृणालिन चितळे
630 _aमेळघाटावरील मोहर
700 _aमृणालिन चितळे
730 _aमेळघाटावरील मोहर
942 _cBOOK
999 _c1056521
_d1056518